Pixar Cars 1 Piston Cup Racers by Name - Statistics

General Stats
  • This quiz has been taken 152 times
  • The average score is 17 of 36
Answer Stats
Picture Answer % Correct
Montgomery "Lightning" McQueen
84%
Strip "The King" Weathers
83%
Chick Hicks
82%
Ralph Dale Earnhardt Jr.
62%
Winford Bradford Rutherford
54%
Claude Scruggs
53%
Alan "Aiken" Axler
52%
Todd "The Shockster" Marcus
52%
Billy Oilchanger
51%
Chuck Armstrong
51%
Rusty Cornfuel
50%
Greg "Candyman"
49%
Matthew Overtaker/Mac iCar
49%
Haul Inngas
48%
Ruby "Easy" Oaks
48%
Floyd Mulvihill
46%
Ryan Shields
46%
Ponchy Wipeout
45%
Darren Leadfoot
44%
Johnny Blamer
44%
Murray Clutchburn
44%
Dirkson "Dirk" D'Agostino
43%
Ernie Gearson
43%
Kevin Racingtire
43%
Ralph Carlow
43%
Sage VanDerSpin
43%
Brush Curber
42%
Eugene Carbureski
42%
Slider Petrolski
41%
Kevin Shiftright
40%
Davey Apex/Dave Alternators
39%
James Cleanair
39%
Lee Revkins
39%
Misti Motorkrass
38%
Crusty Rotor
35%
Manny Flywheel
35%
No matching quizzes found
Score Distribution
Percent of People with Each Score
Percentile by Number Answered
Your Score History
You have not taken this quiz